LEADER 01125nam a22002773i 4500 001 991000699409707536 005 20040127110237.0 008 040220s1989 it |||||||||||||||||ita 020 $a8822106830 035 $ab12657232-39ule_inst 035 $aARCHE-065557$9ExL 040 $aDip.to Scienze pedagogiche$bita$cA.t.i. Arché s.c.r.l. Pandora Sicilia s.r.l. 082 04$a372.2180 100 1 $aBertolini, Piero$0120318 245 10$aProgetto infanzia :$banalisi del rapporto della Commissione sui nuovi orientamenti per la scuola materna /$cPiero Bertolini, Franco Frabboni 260 $aScandicci :$bLa nuova Italia,$c1989 300 $a115 p. ;$c21 cm 440 0$aDidattica viva ;$v140 650 4$aScuola materna 700 1 $aFrabboni, Franco$eauthor$4http://id.loc.gov/vocabulary/relators/aut$023938 907 $a.b12657232$b02-04-14$c17-03-04 912 $a991000699409707536 945 $aLE022 MP 69 G 33$g1$i2022000053815$lle022$o-$pE0.00$q-$rl$s- $t0$u1$v0$w1$x0$y.i13163851$z17-03-04 996 $aProgetto infanzia$9889840 997 $aUNISALENTO 998 $ale022$b17-03-04$cm$da $e-$fita$git $h0$i1